Geology and mineral resources of the Baker quadrangle, Oregon, (Record no. 27373)
[ view plain ]
| 000 -LEADER | |
|---|---|
| fixed length control field | 01201cam a22003131 4500 |
| 001 - CONTROL NUMBER | |
| control field | gs 37000228 |
| 003 - CONTROL NUMBER IDENTIFIER | |
| control field | DLC |
| 005 - DATE AND TIME OF LATEST TRANSACTION | |
| control field | 20260227111342.0 |
| 008 - FIXED-LENGTH DATA ELEMENTS--GENERAL INFORMATION | |
| fixed length control field | 800627s1937 dcub b f001 0 eng |
| 010 ## - LIBRARY OF CONGRESS CONTROL NUMBER | |
| LC control number | gs 37000228 |
| 035 ## - SYSTEM CONTROL NUMBER | |
| System control number | (OCoLC)6467640 |
| 040 ## - CATALOGING SOURCE | |
| Original cataloging agency | DLC |
| Transcribing agency | ICharE |
| Modifying agency | OCoLC |
| -- | DLC |
| 042 ## - AUTHENTICATION CODE | |
| Authentication code | premarc |
| 043 ## - GEOGRAPHIC AREA CODE | |
| Geographic area code | n-us-or |
| 050 00 - LIBRARY OF CONGRESS CALL NUMBER | |
| Classification number | QE75 |
| Item number | .B9 no. 879 |
| 051 ## - LIBRARY OF CONGRESS COPY, ISSUE, OFFPRINT STATEMENT | |
| Classification number | TN24.O7 |
| Item number | G48 |
| Copy information | Copy 2. |
| 100 1# - MAIN ENTRY--PERSONAL NAME | |
| Personal name | Gilluly, James, |
| Dates associated with a name | 1896-1980. |
| 245 10 - TITLE STATEMENT | |
| Title | Geology and mineral resources of the Baker quadrangle, Oregon, |
| Statement of responsibility, etc. | by James Gilluly. Prepared in cooperation with the Oregon State mining board. |
| 260 ## - PUBLICATION, DISTRIBUTION, ETC. | |
| Place of publication, distribution, etc. | Washington, |
| Name of publisher, distributor, etc. | U.S. Govt. Print. Off., |
| Date of publication, distribution, etc. | 1937. |
| 300 ## - PHYSICAL DESCRIPTION | |
| Extent | vi, 119 p. |
| Other physical details | illus., 3 pl. (incl. fold. maps, fold. plan) |
| Dimensions | 23 cm. |
| 490 0# - SERIES STATEMENT | |
| Series statement | U.S. Geological survey. Bulletin 879 |
| 500 ## - GENERAL NOTE | |
| General note | At head of title: United States Department of the Interior. |
| 500 ## - GENERAL NOTE | |
| General note | Map in pocket accompanied by transparent guard sheet with tracing. |
| 504 ## - BIBLIOGRAPHY, ETC. NOTE | |
| Bibliography, etc. note | Bibliography: p. 3-4. |
| 650 #0 - SUBJECT ADDED ENTRY--TOPICAL TERM | |
| Topical term or geographic name entry element | Geology |
| Geographic subdivision | Oregon. |
| 650 #0 - SUBJECT ADDED ENTRY--TOPICAL TERM | |
| Topical term or geographic name entry element | Mines and mineral resources |
| Geographic subdivision | Oregon. |
| 710 1# - ADDED ENTRY--CORPORATE NAME | |
| Corporate name or jurisdiction name as entry element | Oregon. |
| Subordinate unit | State Mining Board. |
| 740 0# - ADDED ENTRY--UNCONTROLLED RELATED/ANALYTICAL TITLE | |
| Uncontrolled related/analytical title | Baker quadrangle, Oregon, Geology and mineral resources of the |
No items available.